| 000 | 00528cam a22002291 4500 | ||
|---|---|---|---|
| 001 | sa 64008812 | ||
| 003 | DLC | ||
| 005 | 20260227112056.0 | ||
| 008 | 940615m19639999ii 000 0 beno | ||
| 010 | _asa 64008812 | ||
| 025 | _aPL480:EP-B-654 | ||
| 035 | _a(OCoLC)30612839 | ||
| 040 |
_aDLC _cCU _dCU _dDLC |
||
| 042 | _apremarc | ||
| 050 | 0 | 0 |
_aHQ51 _b.A2 |
| 100 | 0 |
_aAbdur Rashid, _d1919- |
|
| 245 | 1 | 0 | _aOgo meẏe sābadhāna. |
| 260 | _c1963- | ||
| 300 |
_av. _c19 cm. |
||
| 500 | _aIn Bengali. | ||
| 650 | 0 | _aSex. | |
| 999 |
_c61058 _d61058 |
||